Nguyễn Trung Trực Truyền thuyết và huyền thoại

Сохранить в:
Библиографические подробности
Главный автор: Vĩnh Xuyên
Формат:
Опубликовано: Kiên Giang Hội nhà văn nghệ thuật Kiên Giang 1997
Предметы:
Метки: Добавить метку
Нет меток, Требуется 1-ая метка записи!
Thư viện lưu trữ: Trung tâm Học liệu Lê Vũ Hùng, Trường Đại học Đồng Tháp
LEADER 00917pam a22002418a 4500
001 00019584
005 20171026081022.0
008 110507s1997 ||||||Viesd
041 0 # |a Vie 
082 1 4 |a 959.703 009  |b NG527T 
100 0 # |a Vĩnh Xuyên 
245 0 0 |a Nguyễn Trung Trực  |b Truyền thuyết và huyền thoại  |c Vĩnh Xuyên 
260 # # |a Kiên Giang  |b Hội nhà văn nghệ thuật Kiên Giang  |c 1997 
300 # # |a 38 tr.  |c 19 cm. 
653 # # |a Anh hùng 
653 # # |a Nhân Vật 
653 # # |a Nguyễn Trung Trực 
653 # # |a Lịch sử 
852 # # |j KD.0004673  |j KM.0003122  |j KM.0003123  |j KM.0003124  |j KM.0003126  |j KM.0003125 
852 # # |b Kho đọc  |j KD.0004673 
852 # # |b Kho mượn  |j KM.0003122, KM.0003123, KM.0003124, KM.0003125, KM.0003126 
910 |d 07/05/2011 
980 # # |a Trung tâm Học liệu Lê Vũ Hùng, Trường Đại học Đồng Tháp